000 00542nam a2200181Ia 4500
999 _c28989
_d28989
003 OSt
005 20201117121132.0
008 190216s9999||||xx |||||||||||||| ||und||
020 _a9788182643765
040 _coclc
082 _a894.8123
_bKHA/D
100 _a Khadra, Yasmina
_96665
245 0 _aDaivanaamathil = In The Name Of God /
_cYasmina Khadra
260 _bMathrubhumi Printing &publishing,
_aKozhikode:
_c2006.
300 _a162p
650 _aNovel
942 _cBK
_2ddc
_h894.8123
_iKHA/D
_k894.8123
_mKHA/D